Global Business Conference 2022 Proceedings Reshaping Customer-Oriented Business

Enregistré dans:
Détails bibliographiques
Collectivité auteur: Annual Global Business Conference. Reshaping Customer-Oriented Business
Format: Livre
Langue:anglais
Publié: Zagreb Innovation Institute 2022
Édition:1st Edition
Sujets:
Tags: Ajouter un tag
Pas de tags, Soyez le premier à ajouter un tag!

MARC

LEADER 00000nam a2200000 4500
001 0288024
005 20240822101719.7
022 |a 1848-2252 
041 0 |a eng 
044 |a HR 
245 1 0 |a Global Business Conference 2022 Proceedings  |b Reshaping Customer-Oriented Business 
250 |a 1st Edition 
264 1 |a Zagreb  |b Innovation Institute  |c 2022 
300 |a 223 s. 
610 2 0 |a obchod 
610 2 0 |a podnikanie 
610 2 0 |a spotrebitelia 
110 2 |a Annual Global Business Conference. Reshaping Customer-Oriented Business